000
00298nam a22001217a 4500
082
_a
728.37
_b
NEW
_c
L-14, P-5
245
_a
New Houses
260
_a
London :
_b
B.T Batsford Limited,
_c
.
300
_a
174 p. :
526
_a
0
_b
0
_c
0
_d
728_370000000000000_NEW
650
_a
MCE
_9
379
942
_2
ddc
_c
BK
999
_c
549357
_d
549357